Lignin properties and applications in biotechnology and bioenergy

Gespeichert in:
Bibliographische Detailangaben
Weitere Verfasser: Paterson, Ryan J. (Herausgegeben von)
Format: Buch
Sprache:Englisch
Veröffentlicht: New York Nova Science Publishers 2012
Schriftenreihe:Biotechnology in agriculture
Industry and medicine biochemistry research trends
Schlagworte:
Online-Zugang:Im OPAC anzeigen
Tags: Tag hinzufügen
Keine Tags, Fügen Sie das erste Tag hinzu!

MARC

LEADER 00000cam a2200000 a 4500
005 20260127133935.0
008 140602s2011 nyua b 001 0 eng
010 |a 2010-044709 
020 |a 9781611229073 (hardcover) 
035 |a vtls010600286 
039 9 |y 201406020928  |z mschk03 
040 |a DLC  |c DLC  |d DLC  |d STUSCHK1 
080 0 0 |a 660.6  |2 22 
245 0 0 |a Lignin  |b properties and applications in biotechnology and bioenergy  |c Ryan J. Paterson, editor. 
260 |a New York  |b Nova Science Publishers  |c 2012 
300 |a xvi, 558 p.  |b ill.  |c 26 cm. 
490 1 |a Biotechnology in agriculture 
490 1 |a Industry and medicine biochemistry research trends 
504 |a Includes bibliographical references and index. 
650 0 |a Lignin  |x Biotechnology. 
700 1 |a Paterson, Ryan J.  |4 edt 
906 |a 7  |b cbc  |c orignew  |d 1  |e ecip  |f 20  |g y-gencatlg 
910 |a SCHK95 
919 |a 978-1-61122-907-3 
925 0 |a acquire  |b 2 shelf copies  |x policy default  |e claim1 2011-10-19  |e claim2 2012-02-23 
955 |w rd11 2010-11-05  |f xj16 2012-05-10 to BCCD  |t rf18 2012-05-19 copy 2 added 
999 |c 500  |d 500